000 00597nam a22002057a 4500
999 _c10681
_d10681
003 AR-CdUCM
008 190401b ||||| |||| 00| 0 spa d
040 _aMUNICIPALIDAD PROVINCIAL DEL CUSCO
_cBIBLIOTECA MUNICIPAL DEL CUSCO
082 _a869.56 /
_bP19U / 1926
100 _aPalma, Angélica
_925667
245 _aUno de tantos :
_bNovela
260 _aMadrid :
_bEspasa-Calpe,
_c1926.
300 _a217 páginas ;
_c18 cm.
505 _aContenido: Novela.
650 _aLiteratura
_983
650 _aNovelas Peruanas
_9545
650 _aSiglo XX
_98
942 _2ddc
_cLIBROS
945 _aachl